00609 2200193 4500001002100000005001500021035002000036245003200056100002000088250001000108300003200118700011800150260004300268082001000311084001700321020002200338008003900360990001600399INLIS00000000000359920230111074054 a0010-01230001261 aSaddha /cGradien Mediatama0 aSyahid Muhammad acet 1 a274 :b- ;c14 cm x 20.5 cm0 aPenyunting: Akhmad Muhaimin Azzet Penyelaras Aksara: Tri Prasetyo Desain Sampul dan Tata Letak: lidmhd. Techno aYogyakarta :bGradien Mediatama,c2019 a150.5 a150.5 SYA s a978-602-208-174-6230111 | | |  a00000003958